000 00709nam a22002417a 4500
003 UA-OsUOA
001 61037
007 ta
008 20090615b un ||||| |||| 00| 0 ukr d
090 _a32
_bС83
942 _cMG
040 _aUA-OsUOA
_bukr
_cUA-OsUOA
_dUA-OsUOA
245 _aСтратегічні пріоритети
_cГол. ред. Рубан Ю. Г.
300 _a292 с.
955 _a1
041 _aukr
080 _a32
260 _aК.
246 3 1 _aФахове видання з економічних, філософських, політичних наук та державного управління
_n
044 _aUA
962 _a2006
650 7 _a32 Політика
_2UDC
999 _c347426
_d347426